[Event "Keres Memorial rap 29th"]
[Site "Tallinn"]
[Date "2020.01.11"]
[Round "2"]
[White "Neff, Sergei"]
[Black "Kuzubov, Yuriy"]
[Result "0-1"]
[WhiteElo "2141"]
[BlackElo "2644"]
[PlyCount "70"]
[EventDate "2020.01.11"]
[EventType "swiss (rapid)"]
[EventRounds "11"]
[EventCountry "EST"]
[SourceTitle "CBM 194 Extra"]
[Source "ChessBase"]
[SourceDate "2020.03.31"]
[SourceVersion "1"]
[SourceVersionDate "2020.03.31"]
[SourceQuality "1"]

1. Nf3 d5 2. b3 Bg4 3. Bb2 Nd7 4. d3 Bxf3 5. exf3 e5 6. c4 Ngf6 7. Be2 c5 8. 0-0 Be7 9. Re1 0-0 10. Bf1 d4 11. g3 b6 12. Bc1 Bd6 13. Nd2 Bc7 14. Bh3 Ne8 15. a3 a5 16. Rb1 f5 17. Bg2 f4 18. Bh3 Ndf6 19. b4 a4 20. bxc5 bxc5 21. Rb5 Bd6 22. Ne4 Nxe4 23. fxe4 Nc7 24. Rb7 Qf6 25. gxf4 exf4 26. f3 Be5 27. Re2 Ne8 28. Rb5 Qc6 29. Reb2 Rf6 30. Kh1 h6 31. Rb7 Nd6 32. R7b6 Qc7 33. Bd2 Nxe4 34. fxe4 Rxb6 35. Rb5 Rab8 0-1

[Event "EU-ch blitz"]
[Site "Tallinn"]
[Date "2019.12.07"]
[Round "3"]
[White "Sebenik, Matej"]
[Black "Neff, Sergei"]
[Result "0-1"]
[WhiteElo "2457"]
[BlackElo "2160"]
[PlyCount "97"]
[EventDate "2019.12.07"]
[EventType "swiss (blitz)"]
[EventRounds "22"]
[EventCountry "EST"]
[SourceTitle "CBM 193 Extra"]
[Source "ChessBase"]
[SourceDate "2020.01.31"]
[SourceVersion "1"]
[SourceVersionDate "2020.01.31"]
[SourceQuality "1"]

1. Nf3 b6 2. e4 Bb7 3. Nc3 e6 4. d4 Bb4 5. Bd3 Nf6 6. Bg5 h6 7. Bxf6 Qxf6 8. 0-0 Bxc3 9. bxc3 d6 10. Nd2 e5 11. Bb5+ c6 12. dxe5 dxe5 13. Bd3 Nd7 14. a4 0-0 15. a5 Nc5 16. Nb3 Qe7 17. Qe2 b5 18. Qe3 Nxb3 19. cxb3 a6 20. b4 c5 21. bxc5 Rac8 22. c4 bxc4 23. Bxc4 Qxc5 24. Qxc5 Rxc5 25. Be2 Rc2 26. Bd3 Rc3 27. Rfb1 Rxd3 28. Rxb7 Rfd8 29. g3 Rd1+ 30. Rxd1 Rxd1+ 31. Kg2 Ra1 32. Re7 f6 33. h4 h5 34. Ra7 Rxa5 35. g4 hxg4 36. Kg3 Ra4 37. Kxg4 Rxe4+ 38. Kf5 Rxh4 39. Rxa6 Kh7 40. Ra2 Rf4+ 41. Ke6 g5 42. Kf7 Kh6 43. f3 f5 44. Kf6 Kh5 45. Rh2+ Rh4 46. Re2 g4 47. Rxe5 g3 48. Rxf5+ Kh6 49. Ke5 0-1

[Event "Keres Memorial rap 28th"]
[Site "Tallinn"]
[Date "2019.01.12"]
[Round "5"]
[White "Volodin, Aleksandr"]
[Black "Neff, Sergei"]
[Result "1-0"]
[WhiteElo "2457"]
[BlackElo "2213"]
[PlyCount "95"]
[EventDate "2019.01.12"]
[EventType "swiss (rapid)"]
[EventRounds "11"]
[EventCountry "EST"]
[SourceTitle "CBM 188 Extra"]
[Source "ChessBase"]
[SourceDate "2019.02.26"]
[SourceVersion "1"]
[SourceVersionDate "2019.02.26"]
[SourceQuality "1"]

1. d4 e6 2. g3 c5 3. Nf3 Nf6 4. Bg2 Nc6 5. 0-0 d5 6. c4 dxc4 7. Qa4 Bd7 8. Qxc4 b5 9. Qd3 Rc8 10. dxc5 Bxc5 11. Nc3 a6 12. Bg5 Nb4 13. Qb1 h6 14. Bxf6 Qxf6 15. Ne4 Qe7 16. a3 Nd5 17. Ne5 0-0 18. Nxc5 Rxc5 19. Nxd7 Qxd7 20. Rd1 Qc7 21. Bxd5 Rxd5 22. Rxd5 exd5 23. Qd3 Qc4 24. Rd1 Rd8 25. e3 Kf8 26. Qh7 d4 27. exd4 Rxd4 28. Qh8+ Ke7 29. Re1+ Re4 30. Rd1 Rd4 31. Rf1 Kf6 32. Qa8 Qe6 33. Rc1 Kg6 34. Qf3 Re4 35. Qd3 f5 36. Rc7 Kh7 37. Kg2 Re2 38. b4 Qe4+ 39. Qxe4 fxe4 40. Rc3 Kg6 41. Kf1 Ra2 42. Rc6+ Kf5 43. Rxa6 Kg4 44. Ra7 g5 45. Re7 Kf3 46. Rf7+ Kg4 47. Rf6 e3 48. f3+ 1-0

[Event "EST-ch U20"]
[Site "Tallinn"]
[Date "2018.04.26"]
[Round "2"]
[White "Ladva, Ottomar"]
[Black "Neff, Sergei"]
[Result "1-0"]
[WhiteElo "2517"]
[BlackElo "2252"]
[PlyCount "77"]
[EventDate "2018.04.25"]
[EventType "swiss"]
[EventRounds "9"]
[EventCountry "EST"]
[SourceTitle "CBM 184 Extra"]
[Source "ChessBase"]
[SourceDate "2018.06.28"]
[SourceVersion "1"]
[SourceVersionDate "2018.06.28"]
[SourceQuality "1"]

1. d4 e6 2. Nf3 Nf6 3. c4 Bb4+ 4. Nbd2 0-0 5. a3 Bxd2+ 6. Qxd2 a5 7. b3 b6 8. e3 Bb7 9. Be2 d6 10. Bb2 Ne4 11. Qc2 Nd7 12. 0-0 f5 13. Rad1 Rf6 14. d5 Rg6 15. Nd4 Nf8 16. f4 exd5 17. Nxf5 dxc4 18. Bxc4+ Kh8 19. Bf7 Rf6 20. Bd5 Bxd5 21. Rxd5 Nc5 22. Rf3 Ng6 23. Rg3 Qf8 24. Nxg7 Qxg7 25. f5 Raf8 26. h4 Kg8 27. Bxf6 Rxf6 28. fxg6 Rxg6 29. Rxg6 hxg6 30. Rg5 Kh7 31. h5 Qh6 32. Qxg6+ Qxg6 33. Rxg6 Nxb3 34. g4 b5 35. Re6 Nc5 36. Re7+ Kh6 37. Rxc7 b4 38. axb4 axb4 39. Rc6 1-0

[Event "Keres Memorial rap 26th"]
[Site "Tallinn"]
[Date "2017.01.15"]
[Round "9"]
[White "Neff, Sergei"]
[Black "Sveshnikov, Vladimir"]
[Result "0-1"]
[WhiteElo "2233"]
[BlackElo "2416"]
[PlyCount "74"]
[EventDate "2017.01.14"]
[EventType "swiss (rapid)"]
[EventRounds "11"]
[EventCountry "EST"]
[SourceTitle "CBM 176 Extra"]
[Source "ChessBase"]
[SourceDate "2017.03.02"]
[SourceVersion "1"]
[SourceVersionDate "2017.03.02"]
[SourceQuality "1"]

1. c4 e6 2. Nf3 d5 3. b3 Nf6 4. Bb2 Bd6 5. g3 0-0 6. Bg2 a5 7. a3 a4 8. 0-0 axb3 9. Qxb3 Nbd7 10. d4 b6 11. Nbd2 Bb7 12. Rfc1 Ra5 13. c5 bxc5 14. Qxb7 c4 15. Bc3 Rxa3 16. Rxa3 Bxa3 17. Ra1 Be7 18. Ra7 c5 19. Ne5 cxd4 20. Bxd4 Nxe5 21. Bxe5 Bc5 22. Bc7 Qc8 23. Bb6 Bxb6 24. Qxb6 c3 25. Nb3 Qc4 26. Nc1 Rc8 27. Qb7 Rf8 28. Qc7 Qd4 29. Nd3 Ne8 30. Qc5 Qxc5 31. Nxc5 Nd6 32. Ra6 Nb5 33. Rb6 c2 34. Nd3 Nd4 35. Bf1 Rc8 36. e3 Nf3+ 37. Kg2 Ne1+ 0-1

[Event "EST-ch"]
[Site "Rakvere"]
[Date "2009.02.24"]
[Round "7"]
[White "Holvason, Juri"]
[Black "Neff, Sergei"]
[Result "1/2-1/2"]
[WhiteElo "2108"]
[BlackElo "2239"]
[PlyCount "92"]
[EventDate "2009.02.20"]
[EventType "tourn"]
[EventRounds "9"]
[EventCountry "EST"]
[EventCategory "4"]
[SourceTitle "CBM 128 Extra"]
[Source "ChessBase"]
[SourceDate "2009.03.05"]
[SourceVersion "2"]
[SourceVersionDate "2009.03.25"]
[SourceQuality "1"]

1. e4 c5 2. Nf3 Nc6 3. d4 cxd4 4. Nxd4 e5 5. Nb5 Nf6 6. N1c3 h6 7. Nd6+ Bxd6 8. Qxd6 Qe7 9. Qxe7+ Kxe7 10. b3 d6 11. Be2 Be6 12. 0-0 Nd4 13. Bd3 Rhc8 14. Bb2 Rc7 15. f4 Rac8 16. fxe5 dxe5 17. Ba3+ Ke8 18. Nb5 Nxb5 19. Bxb5+ Nd7 20. c4 a6 21. Ba4 b5 22. cxb5 Nb6 23. Bd6 Rd7 24. Bxe5 Rc5 25. Bxg7 axb5 26. b4 Rg5 27. Bxh6 Rh5 28. Bxb5 Rxb5 29. a3 Nc4 30. Rfb1 Rh5 31. Bf4 Rd4 32. Re1 Rb5 33. h4 f6 34. Kf2 Kf7 35. a4 Rxb4 36. a5 Rb2+ 37. Kg1 Rd8 38. a6 Rg8 39. g3 Ne5 40. Rf1 Ke7 41. a7 Ra8 42. h5 Rb7 43. Be3 Rb3 44. Bf4 Rb7 45. Be3 Rb3 46. Bf4 Rb7 1/2-1/2

[Event "EST-ch"]
[Site "Rakvere"]
[Date "2009.02.23"]
[Round "5"]
[White "Volodin, Aleksandr"]
[Black "Neff, Sergei"]
[Result "1-0"]
[WhiteElo "2401"]
[BlackElo "2239"]
[PlyCount "65"]
[EventDate "2009.02.20"]
[EventType "tourn"]
[EventRounds "9"]
[EventCountry "EST"]
[EventCategory "4"]
[SourceTitle "CBM 128 Extra"]
[Source "ChessBase"]
[SourceDate "2009.03.05"]
[SourceVersion "2"]
[SourceVersionDate "2009.03.25"]
[SourceQuality "1"]

1. d4 b6 2. e4 Bb7 3. Bd3 e6 4. Nf3 c5 5. c3 d6 6. 0-0 Nd7 7. Re1 Qc7 8. Bf4 e5 9. dxe5 dxe5 10. Nxe5 g5 11. Bb5 gxf4 12. Bxd7+ Ke7 13. Qh5 Nh6 14. Bh3 Rd8 15. Na3 Bg7 16. Qg5+ Kf8 17. Nf3 f6 18. Qh4 Nf7 19. Bf5 Qd6 20. Nb5 Qb8 21. Rad1 a6 22. Na3 Rxd1 23. Rxd1 b5 24. Nc2 Bc6 25. b4 Nh6 26. Qh3 Qe8 27. Re1 Nf7 28. bxc5 Ng5 29. Nxg5 fxg5 30. Nd4 Bxd4 31. cxd4 b4 32. Qh6+ Kf7 33. Bg4 1-0

[Event "EST-ch"]
[Site "Rakvere"]
[Date "2009.02.22"]
[Round "3"]
[White "Haitin, Ilja"]
[Black "Neff, Sergei"]
[Result "1-0"]
[WhiteElo "2283"]
[BlackElo "2239"]
[PlyCount "69"]
[EventDate "2009.02.20"]
[EventType "tourn"]
[EventRounds "9"]
[EventCountry "EST"]
[EventCategory "4"]
[SourceTitle "CBM 128 Extra"]
[Source "ChessBase"]
[SourceDate "2009.03.05"]
[SourceVersion "2"]
[SourceVersionDate "2009.03.25"]
[SourceQuality "1"]

1. e4 b6 2. d4 Bb7 3. Bd3 e6 4. Nf3 c5 5. c3 d6 6. 0-0 Nd7 7. Qe2 Ngf6 8. h3 Qc7 9. a4 a6 10. Bf4 e5 11. Bh2 g6 12. b4 Bg7 13. Nbd2 0-0 14. a5 cxd4 15. axb6 Nxb6 16. cxd4 exd4 17. Rfc1 Qb8 18. Bxa6 Re8 19. Bxb7 Qxb7 20. Qb5 Rxa1 21. Rxa1 Qc7 22. e5 Qc3 23. Rf1 Nfd7 24. Ne4 Qc4 25. Qxc4 Nxc4 26. Nxd6 Nxd6 27. exd6 Rb8 28. Rb1 Rb5 29. Ne1 g5 30. Nd3 f5 31. Ra1 Kf7 32. Ra5 Rb8 33. Rxf5+ Bf6 34. g4 h5 35. Ne5+ 1-0

[Event "EST-ch"]
[Site "Tallinn"]
[Date "2003.05.18"]
[Round "2.1"]
[White "Neff, Sergei"]
[Black "Ilves, Juri"]
[Result "1-0"]
[WhiteElo "2245"]
[BlackElo "2083"]
[PlyCount "59"]
[EventDate "2003.05.17"]
[EventType "k.o."]
[EventRounds "6"]
[EventCountry "EST"]
[SourceTitle "CBM 094 Extra"]
[Source "ChessBase"]
[SourceDate "2003.07.09"]
[SourceVersion "2"]
[SourceVersionDate "2003.07.09"]
[SourceQuality "1"]

1. d4 Nf6 2. c4 d6 3. Nc3 c6 4. Nf3 Bf5 5. Nh4 Bd7 6. e4 e5 7. Nf3 Qc7 8. Be2 Be7 9. 0-0 0-0 10. h3 a5 11. Bg5 Na6 12. c5 exd4 13. cxd6 Bxd6 14. Bxf6 gxf6 15. Qxd4 Be5 16. Nxe5 fxe5 17. Qe3 Kh8 18. Rac1 Qd8 19. f4 Qe7 20. f5 Qc5 21. Nd5 Qxe3+ 22. Nxe3 b5 23. Rfd1 Ra7 24. Rd6 f6 25. Bh5 Kg7 26. Kf2 Nb8 27. Ng4 a4 28. Rc3 Be8 29. Bxe8 Rxe8 30. Nxf6 1-0

[Event "EST-ch"]
[Site "Tallinn"]
[Date "2003.05.17"]
[Round "1.1"]
[White "Soskov, Vjatsheslav"]
[Black "Neff, Sergei"]
[Result "0-1"]
[WhiteElo "2263"]
[BlackElo "2245"]
[PlyCount "68"]
[EventDate "2003.05.17"]
[EventType "k.o."]
[EventRounds "6"]
[EventCountry "EST"]
[SourceTitle "CBM 094 Extra"]
[Source "ChessBase"]
[SourceDate "2003.07.09"]
[SourceVersion "2"]
[SourceVersionDate "2003.07.09"]
[SourceQuality "1"]

1. e4 c5 2. Nf3 Nc6 3. Bb5 g6 4. 0-0 Bg7 5. Re1 Nf6 6. e5 Nd5 7. Nc3 Nc7 8. Bxc6 dxc6 9. h3 0-0 10. b3 b6 11. Bb2 Ne6 12. d3 Qc7 13. Qd2 Nd4 14. Nxd4 cxd4 15. Ne2 Bxe5 16. Bxd4 Bxd4 17. Nxd4 Bb7 18. Qg5 Rae8 19. Qe5 Qd7 20. a4 c5 21. Nb5 Bc6 22. Re2 e6 23. Qf6 a6 24. Na3 b5 25. axb5 axb5 26. Nb1 Qd5 27. f4 e5 28. Ra5 Re6 29. Qg5 h6 30. Qg4 f5 31. Qh4 exf4 32. Nc3 Qd4+ 33. Kh2 f3 34. Qxd4 fxe2 0-1

[Event "EST-chT"]
[Site "Tallinn"]
[Date "1999.02.27"]
[Round "3"]
[White "Neff, Sergei"]
[Black "Shvyrjov, Igor"]
[Result "0-1"]
[WhiteElo "2230"]
[BlackElo "2346"]
[PlyCount "64"]
[EventDate "1999.??.??"]
[EventType "team"]
[EventRounds "10"]
[EventCountry "EST"]
[SourceTitle "EXT 2000"]
[Source "ChessBase"]
[SourceDate "1999.11.16"]
[SourceVersion "1"]
[SourceVersionDate "1999.11.16"]
[SourceQuality "1"]

1. d4 g6 2. e4 Bg7 3. h4 h5 4. c4 Nc6 5. d5 Nd4 6. Ne2 c5 7. Nxd4 Bxd4 8. Na3 d6 9. Rb1 Bg7 10. Nc2 Nf6 11. f3 a6 12. a3 Nd7 13. b4 cxb4 14. axb4 a5 15. c5 axb4 16. cxd6 exd6 17. Rxb4 0-0 18. Bb2 Ne5 19. f4 Ng4 20. Bxg7 Kxg7 21. Qd4+ Kg8 22. Bd3 Re8 23. Kd2 Ra2 24. g3 Qe7 25. Bb5 Bd7 26. Bc4 Ra5 27. Rxb7 Qxe4 28. Qxe4 Rxe4 29. Bd3 Rxd5 30. Re1 Nf2 31. Rxe4 Nxe4+ 32. Ke2 Bg4+ 0-1

[Event "EST-ch"]
[Site "Tallinn"]
[Date "1997.??.??"]
[Round "6"]
[White "Kiik, Kalle"]
[Black "Neff, Sergei"]
[Result "1-0"]
[WhiteElo "2380"]
[BlackElo "2310"]
[PlyCount "131"]
[EventDate "1997.??.??"]
[EventType "tourn"]
[EventRounds "11"]
[EventCountry "EST"]
[SourceTitle "EXT 2000"]
[Source "ChessBase"]
[SourceDate "1999.11.16"]
[SourceVersion "1"]
[SourceVersionDate "1999.11.16"]
[SourceQuality "1"]

1. e4 Nc6 2. d4 d5 3. exd5 Qxd5 4. Nf3 e5 5. Nc3 Bb4 6. Bd2 Bxc3 7. Bxc3 exd4 8. Nxd4 Nxd4 9. Qxd4 Qxd4 10. Bxd4 Nf6 11. 0-0-0 Be6 12. Be2 0-0 13. Bf3 c6 14. Rd2 Rfe8 15. b3 Bf5 16. Rhd1 h6 17. Bxf6 gxf6 18. Rd4 Re5 19. Rd8+ Re8 20. Rxa8 Rxa8 21. Rd4 Re8 22. Ra4 a6 23. Rf4 Re5 24. g4 Be6 25. Rxf6 Kg7 26. Rf4 Bd5 27. Kd2 h5 28. h3 Bxf3 29. Rxf3 hxg4 30. hxg4 Re4 31. Rg3 c5 32. f3 Rd4+ 33. Ke2 c4 34. Rg1 cxb3 35. axb3 a5 36. Ra1 Rd5 37. c4 Re5+ 38. Kd3 b6 39. Rh1 Rc5 40. Kd4 Rc6 41. Rh5 Rd6+ 42. Rd5 Rf6 43. Rf5 Rd6+ 44. Ke4 Rd1 45. Rb5 Rd6 46. f4 Kf6 47. Rh5 Kg7 48. Rd5 Rc6 49. Kd4 Rf6 50. Rg5+ Kf8 51. Ke4 Rd6 52. Rf5 Re6+ 53. Re5 Rc6 54. Kd4 Rd6+ 55. Rd5 Rf6 56. f5 Rh6 57. Ke5 Rh3 58. Rb5 Rc3 59. Rxb6 a4 60. Kd4 Rg3 61. bxa4 Rxg4+ 62. Kc3 Ke7 63. a5 Rg1 64. Rb3 Ra1 65. Kb4 Kf6 66. Ra3 1-0

[Event "EST-ch"]
[Site "Tallinn"]
[Date "1997.??.??"]
[Round "3"]
[White "Maidla, Vallo"]
[Black "Neff, Sergei"]
[Result "1/2-1/2"]
[WhiteElo "2380"]
[BlackElo "2310"]
[PlyCount "122"]
[EventDate "1997.??.??"]
[EventType "tourn"]
[EventRounds "11"]
[EventCountry "EST"]
[SourceTitle "EXT 2000"]
[Source "ChessBase"]
[SourceDate "1999.11.16"]
[SourceVersion "1"]
[SourceVersionDate "1999.11.16"]
[SourceQuality "1"]

1. e4 g6 2. d4 Bg7 3. Nc3 c6 4. Bc4 d5 5. exd5 b5 6. Bb3 b4 7. Nce2 cxd5 8. Bd2 a5 9. a3 bxa3 10. Rxa3 Nc6 11. Ba4 Bd7 12. Nf3 Nh6 13. Qa1 0-0 14. Bxc6 Bxc6 15. Bxa5 Qd7 16. 0-0 Bb5 17. Re1 Nf5 18. c3 f6 19. Bb4 Rxa3 20. Qxa3 Re8 21. Ng3 Nxg3 22. hxg3 e5 23. dxe5 fxe5 24. Bc5 Qc6 25. b4 Bc4 26. Qa7 Ra8 27. Qe7 Re8 28. Qg5 h6 29. Qd2 g5 30. Qc2 Qa6 31. Qf5 Qf6 32. Qd7 Qf7 33. Qa4 Re6 34. Qa8+ Qe8 35. Ra1 Qxa8 36. Rxa8+ Kf7 37. Ra7+ Kg6 38. g4 e4 39. Bd4 Bf6 40. Bxf6 Kxf6 41. Nd4 Re8 42. Rc7 e3 43. Rc6+ Kf7 44. fxe3 Rxe3 45. b5 Rxc3 46. b6 Rc1+ 47. Kf2 Rb1 48. Rxh6 Ba6 49. Ne6 Rb2+ 50. Kg1 Ke7 51. Nc5 d4 52. Re6+ Kf7 53. Rd6 Ke7 54. Rd7+ Ke8 55. Ra7 d3 56. Nxa6 Rb1+ 57. Kf2 d2 58. Nc7+ Kd8 59. Ne6+ Ke8 60. Nc7+ Kd8 61. Ne6+ Ke8 1/2-1/2

[Event "EST-ch"]
[Site "Tallinn"]
[Date "1997.??.??"]
[Round "2"]
[White "Neff, Sergei"]
[Black "Seeman, Tarvo"]
[Result "0-1"]
[WhiteElo "2310"]
[BlackElo "2355"]
[PlyCount "82"]
[EventDate "1997.??.??"]
[EventType "tourn"]
[EventRounds "11"]
[EventCountry "EST"]
[SourceTitle "EXT 2000"]
[Source "ChessBase"]
[SourceDate "1999.11.16"]
[SourceVersion "1"]
[SourceVersionDate "1999.11.16"]
[SourceQuality "1"]

1. d4 Nf6 2. c4 g6 3. Nc3 Bg7 4. e4 d6 5. h3 0-0 6. Bg5 Nbd7 7. Bd3 e5 8. d5 Nc5 9. Bc2 a5 10. a3 c6 11. Nge2 cxd5 12. Nxd5 Ne6 13. Be3 Nxd5 14. cxd5 Nf4 15. Nxf4 exf4 16. Bxf4 Bxb2 17. Rb1 Bxa3 18. 0-0 Bc5 19. Rb3 Re8 20. Qa1 b6 21. Rf3 Ba6 22. Re1 Rc8 23. Bd2 Re5 24. Bc3 f6 25. Rb1 Qe7 26. Qa4 Be2 27. Bxe5 Bxf3 28. Bg3 Be2 29. Kh2 Qc7 30. Qa1 Rf8 31. Re1 Bc4 32. Bd1 b5 33. Bg4 Qb6 34. Be6+ Kg7 35. Qb2 a4 36. f4 a3 37. Qc2 a2 38. e5 Bd4 39. Bh4 fxe5 40. fxe5 a1Q 41. Bf6+ Rxf6 0-1

[Event "EST-ch"]
[Site "Tallinn"]
[Date "1997.??.??"]
[Round "7"]
[White "Neff, Sergei"]
[Black "Sepp, Olav"]
[Result "0-1"]
[WhiteElo "2310"]
[BlackElo "2425"]
[PlyCount "68"]
[EventDate "1997.??.??"]
[EventType "tourn"]
[EventRounds "11"]
[EventCountry "EST"]
[SourceTitle "EXT 2000"]
[Source "ChessBase"]
[SourceDate "1999.11.16"]
[SourceVersion "1"]
[SourceVersionDate "1999.11.16"]
[SourceQuality "1"]

1. d4 Nf6 2. Nc3 d5 3. Bg5 g6 4. f3 Bg7 5. e4 c6 6. Qd2 h6 7. Bh4 dxe4 8. fxe4 e5 9. 0-0-0 Qxd4 10. Qe1 Qc5 11. Qd2 Nbd7 12. h3 Qe7 13. g4 Nc5 14. Bd3 h5 15. g5 Nh7 16. Nf3 0-0 17. Ne2 Rd8 18. Ng3 Nf8 19. Qe3 Nxd3+ 20. cxd3 Ne6 21. Nxh5 gxh5 22. g6 f6 23. Nxe5 Nd4 24. Nc4 Be6 25. e5 Bxc4 26. dxc4 Nf5 27. Qf3 Qxe5 28. Qxh5 Qf4+ 29. Kb1 Nxh4 30. Qh7+ Kf8 31. Rdf1 Nf3 32. Ka1 Rd3 33. h4 Rad8 34. Qh5 Qe5 0-1

[Event "EST-ch"]
[Site "Tallinn"]
[Date "1997.??.??"]
[Round "11"]
[White "Neff, Sergei"]
[Black "Sergejev, Roman"]
[Result "0-1"]
[WhiteElo "2310"]
[BlackElo "2370"]
[PlyCount "95"]
[EventDate "1997.??.??"]
[EventType "tourn"]
[EventRounds "11"]
[EventCountry "EST"]
[SourceTitle "EXT 2000"]
[Source "ChessBase"]
[SourceDate "1999.11.16"]
[SourceVersion "1"]
[SourceVersionDate "1999.11.16"]
[SourceQuality "1"]

1. c4 Nf6 2. Nf3 g6 3. g3 Bg7 4. Bg2 0-0 5. 0-0 d5 6. cxd5 Nxd5 7. Nc3 Nb6 8. b3 e5 9. Bb2 Re8 10. d3 Nc6 11. Rc1 Be6 12. Ne4 Nd7 13. Qc2 h6 14. Nfd2 Qe7 15. Nc5 Nb4 16. Nxe6 Nxc2 17. Nxg7 Kxg7 18. Rxc2 c6 19. f4 Kg8 20. f5 Nb6 21. Ne4 Nd5 22. Bc1 Kh7 23. h4 Rf8 24. Bh3 a5 25. Rc4 Nb6 26. Rc5 a4 27. b4 a3 28. Bd2 Nd5 29. b5 Ra4 30. Rfc1 Rxe4 31. dxe4 Nf6 32. R5c4 c5 33. fxg6+ Kg7 34. b6 Nd7 35. gxf7 Rxf7 36. Be3 Qd6 37. Bxd7 Rxd7 38. Bxc5 Qe6 39. Bf2 Kg6 40. Rc7 Rd2 41. Rxb7 Rxe2 42. Rbc7 Qxa2 43. R1c6+ Kh5 44. Rf6 Qb1+ 45. Kh2 Qxe4 46. Rg7 a2 47. b7 Rxf2+ 48. Rxf2 0-1

[Event "EST-ch"]
[Site "Tallinn"]
[Date "1997.??.??"]
[Round "8"]
[White "Vetemaa, Juri"]
[Black "Neff, Sergei"]
[Result "1-0"]
[WhiteElo "2355"]
[BlackElo "2310"]
[PlyCount "82"]
[EventDate "1997.??.??"]
[EventType "tourn"]
[EventRounds "11"]
[EventCountry "EST"]
[SourceTitle "EXT 2000"]
[Source "ChessBase"]
[SourceDate "1999.11.16"]
[SourceVersion "1"]
[SourceVersionDate "1999.11.16"]
[SourceQuality "1"]

1. e4 g6 2. d4 Bg7 3. Nc3 c6 4. Bc4 d6 5. Qf3 e6 6. Nge2 Nd7 7. Bf4 Qe7 8. 0-0 e5 9. Be3 Ngf6 10. Bb3 0-0 11. Rad1 b5 12. d5 b4 13. dxc6 bxc3 14. cxd7 Bxd7 15. Nxc3 Bg4 16. Nd5 Nxd5 17. Qxg4 Nxe3 18. fxe3 Bh6 19. Rf3 Kg7 20. h4 a5 21. Rdf1 f6 22. Qh3 a4 23. Bd5 Rac8 24. R1f2 a3 25. b3 Rc3 26. g4 g5 27. h5 Qc7 28. Bc4 Rxc4 29. bxc4 Qxc4 30. Qf1 Qxe4 31. Rg3 Rb8 32. Qd3 Qc6 33. Qxa3 Kh8 34. Qd3 e4 35. Qd4 Bg7 36. h6 Bxh6 37. Qxf6+ Bg7 38. Qxg5 Be5 39. Rh3 Bg7 40. Rxh7+ Kxh7 41. Qh5+ Kg8 1-0

[Event "EST-chT"]
[Site "Estonia"]
[Date "1996.??.??"]
[Round "?"]
[White "Neff, Sergei"]
[Black "Liiva, Riho"]
[Result "0-1"]
[WhiteElo "2340"]
[BlackElo "2425"]
[PlyCount "78"]
[EventDate "1996.??.??"]
[EventType "team"]
[EventRounds "9"]
[EventCountry "EST"]
[SourceTitle "EXT 1999"]
[Source "ChessBase"]
[SourceDate "1998.11.16"]
[SourceVersion "1"]
[SourceVersionDate "1998.11.16"]
[SourceQuality "1"]

1. c4 c6 2. d4 d5 3. Nc3 Nf6 4. Nf3 e6 5. Bg5 Nbd7 6. e3 Qa5 7. Nd2 Bb4 8. Qc2 0-0 9. h4 c5 10. dxc5 Ne4 11. Ncxe4 dxe4 12. Be7 Re8 13. Bd6 Rd8 14. 0-0-0 Qxa2 15. Bc7 Re8 16. Nxe4 Nxc5 17. Nxc5 Bxc5 18. Bd3 f5 19. Be5 Bd7 20. b3 Qxc2+ 21. Kxc2 Bc6 22. Rhg1 g6 23. Bd4 Bf8 24. Ra1 a6 25. f4 Rad8 26. g4 Bg7 27. Kc3 Rxd4 28. exd4 Rd8 29. gxf5 Bxd4+ 30. Kc2 Bxa1 31. Rxa1 exf5 32. Kc3 Re8 33. Kd4 Rd8+ 34. Kc3 Be4 35. Bxe4 fxe4 36. Re1 Rd3+ 37. Kc2 Rh3 38. Rxe4 Kf7 39. Rd4 Ke7 0-1

[Event "EST-chT"]
[Site "Estonia"]
[Date "1996.??.??"]
[Round "?"]
[White "Sepp, Olav"]
[Black "Neff, Sergei"]
[Result "1/2-1/2"]
[WhiteElo "2440"]
[BlackElo "2340"]
[PlyCount "71"]
[EventDate "1996.??.??"]
[EventType "team"]
[EventRounds "9"]
[EventCountry "EST"]
[SourceTitle "EXT 1999"]
[Source "ChessBase"]
[SourceDate "1998.11.16"]
[SourceVersion "1"]
[SourceVersionDate "1998.11.16"]
[SourceQuality "1"]

1. e4 e6 2. d4 d5 3. exd5 exd5 4. Nf3 Nf6 5. Bd3 Bg4 6. 0-0 Be7 7. Re1 0-0 8. Nbd2 Nbd7 9. Nf1 Re8 10. h3 Bxf3 11. Qxf3 Nf8 12. Ng3 g6 13. c3 Ne6 14. Bh6 Bf8 15. Bxf8 Nxf8 16. Rxe8 Nxe8 17. Re1 c6 18. Nf1 Ne6 19. Ne3 Qf6 20. Qg3 Qf4 21. Qxf4 Nxf4 22. Bf1 Nf6 23. g3 Ne6 24. h4 Re8 25. Bh3 Nc7 26. Nc2 Ne4 27. Nb4 Kf8 28. Nd3 Nd6 29. Kf1 Rxe1+ 30. Kxe1 Ke7 31. Kd2 Ne6 32. Ne5 f6 33. Nd3 Ne4+ 34. Ke3 Nd6 35. Ke2 h6 36. Bg2 1/2-1/2